header

Multimedia signal processing (Record no. 180864)

MARC details
000 -LEADER
fixed length control field 02126nam a2200361 a 4500
082 04 - DEWEY DECIMAL CLASSIFICATION NUMBER
Classification number 621.382/2
100 1# - MAIN ENTRY--AUTHOR NAME
Personal name Vaseghi, Saeed V.
245 10 - TITLE STATEMENT
Title Multimedia signal processing
260 ## - PUBLICATION, DISTRIBUTION, ETC. (IMPRINT)
Place of publication Chichester, England ;
-- Hoboken, NJ :
Name of publisher J. Wiley,
Year of publication c2007.
300 ## - PHYSICAL DESCRIPTION
Number of Pages xxv, 648 p. :
Other physical details ill.
505 0# - FORMATTED CONTENTS NOTE
Formatted contents note pt. I. Basic digital signal processing. Introduction ; Fourier analysis and synthesis ; z-Transform ; Digital filters ; Sampling and quantisation -- pt. II. Model-based signal processing. Information theory and probability models ; Bayesian inference ; Least square error, Wiener-Kolmogrov filters ; Adaptive filters : Kalman, RLS, LMS ; Linear prediction models ; Hidden Markov models ; Eigen vector analysis, principal component analysis and independent component analysis -- pt. III. Applications of digital signal processing to speech, music and telecommunications. Music signal processing and auditory perception ; Speech processing ; Speech enhancement ; Echo cancellation ; Channel equalisation and blind deconvolution ; Signal processing in mobile communication.
650 #0 - SUBJECT ADDED ENTRY--TOPICAL TERM
Topical Term Signal processing.
Topical Term Multimedia systems.
856 40 - ELECTRONIC LOCATION AND ACCESS
Uniform Resource Identifier http://site.ebrary.com/lib/rucke/Doc?id=10295775

No items available.

© 2026 Rongo University
Contact us: librarian | system librarian | Rongo university